Normal view
MARC view
- Supervised by Prof. Dr. Umar Shahbaz Khan
Entry Corporate Name
001 - CONTROL NUMBER
- control field: 108241
003 - CONTROL NUMBER IDENTIFIER
- control field: NUST
005 - DATE AND TIME OF LATEST TRANSACTION
- control field: 20230131132725.0
008 - FIXED-LENGTH DATA ELEMENTS
- fixed length control field: 230131|| aca||aabn | a|a d
040 ## - CATALOGING SOURCE
- Original cataloging agency: NUST
- Transcribing agency: NUST
110 ## - HEADING--CORPORATE NAME
- Corporate name or jurisdiction name as entry element: Supervised by Prof. Dr. Umar Shahbaz Khan
670 ## - SOURCE DATA FOUND
- Source citation: Work cat.: (NUST): Muhammad Wajid Khan 108240, TH-SOF-2126-Development of UGV Communication system using Wi-Fi Network Hopping technique, 2022.
